000 00917nam a2200253Ia 4500
003 OSt
005 20221005103254.0
006 a|||||r|||| 00| 0
007 ta
008 221004b |||||||| |||| 00| 0 hin d
020 _a8188075469 (hbk)
_c600
024 _a88244
037 _b467, 19/03/2008, University Book House
_cTextual
040 _aCRL
_cCRL
_bhin
041 _2hin
_ahin
082 _aP152(T:3), 152P4
100 _aअग्रवाल, मुकेश
245 0 _aहिन्दी भाषा शिक्षण
246 _aHindī bhāṣhā shikṣhaṇa
260 _aगाजियाबाद
_bके. एल. पचौरी प्रकाशन भारत
_c2004
300 _a259पण्
_ccm.
942 _hP152(T:3), 152P4
_cTEXL
_2cc
999 _c1009754
_d1009754